[Event "Offene Hessische Senioren Einzelmeisters"]
[Site "Bad Sooden- Allendorf"]
[Date "2013.04.27"]
[Round "8.90"]
[White "Reimann, Günther"]
[Black "Wieprecht, Gerhard"]
[Result "1/2-1/2"]
[WhiteElo "1771"]
[BlackElo "1639"]
[PlyCount "72"]
[EventDate "2013.??.??"]
[WhiteTeam "SC Magstadt"]
[BlackTeam "SV CAISSA e. V. Kassel"]

1. c4 Nf6 2. Nf3 e6 3. d3 d5 4. Nbd2 Be7 5. g3 O-O 6. Bg2 c6 7. O-O Nbd7 8. a3
e5 9. Qc2 Re8 10. b4 e4 11. dxe4 Nxe4 12. cxd5 cxd5 13. Bb2 Bf6 14. Rad1 Bxb2
15. Qxb2 Qf6 16. Qxf6 Ndxf6 17. Nb1 Be6 18. e3 Rac8 19. Rc1 h6 20. Nd4 a6 21.
Nxe6 fxe6 22. h4 Kf7 23. Bf3 Ke7 24. Kg2 g5 25. hxg5 hxg5 26. Bxe4 Nxe4 27. f3
Nd6 28. Nd2 Nf5 29. Kf2 Rh8 30. Rxc8 Rxc8 31. g4 Nh4 32. Re1 Rc2 33. Re2 Ng6
34. Nb3 Rxe2+ 35. Kxe2 b6 36. Nd4 Kd6 1/2-1/2

[Event "Offene Hessische Senioren Einzelmeisters"]
[Site "Bad Sooden- Allendorf"]
[Date "2013.04.27"]
[Round "8.91"]
[White "Schumacher, Ursula"]
[Black "Hespers, Rolf"]
[Result "1/2-1/2"]
[WhiteElo "1383"]
[BlackElo "1516"]
[PlyCount "85"]
[EventDate "2013.??.??"]
[WhiteTeam "HTC Bad Neuenahr"]
[BlackTeam "TuS Osterburg Weida"]

1. c4 Nf6 2. Nc3 e6 3. d4 Be7 4. Nf3 b6 5. g3 Bb7 6. Bg2 O-O 7. O-O d6 8. Re1
Nbd7 9. e4 e5 10. d5 Ne8 11. Bh3 Nef6 12. b4 a5 13. b5 Bc8 14. a4 Nc5 15. Bxc8
Qxc8 16. Kg2 Ne8 17. Ng1 f5 18. f4 Bf6 19. Qc2 fxe4 20. Rb1 exf4 21. Bxf4 Bxc3
22. Qxc3 Nf6 23. Qc2 Nd3 24. Rf1 Ng4 25. Qe2 Nxf4+ 26. Rxf4 Rxf4 27. gxf4 Qf5
28. Rf1 Rf8 29. h3 Nf6 30. Kh2 Nh5 31. Qe3 Nxf4 32. Kh1 Qg5 33. Qxe4 h5 34. Kh2
h4 35. Kh1 Qg3 36. Qf3 Qxf3+ 37. Rxf3 g5 38. Re3 Rf7 39. Kh2 Kf8 40. Nf3 Rg7
41. Re4 Nd3 42. Rg4 Nb2 43. Nxg5 1/2-1/2

[Event "Offene Hessische Senioren Einzelmeisters"]
[Site "Bad Sooden- Allendorf"]
[Date "2013.04.27"]
[Round "8.92"]
[White "Knobling, Rolf"]
[Black "Fuhlrott, Heinz"]
[Result "0-1"]
[WhiteElo "1342"]
[BlackElo "1489"]
[PlyCount "50"]
[EventDate "2013.??.??"]
[WhiteTeam "USV Erfurt Abteilung Schach"]
[BlackTeam "MTV Fichte Winsen"]

1. e4 e5 2. f4 d5 3. exd5 e4 4. Nc3 Nf6 5. Bc4 Bb4 6. Nge2 O-O 7. O-O Bc5+ 8.
Kh1 c6 9. d4 exd3 10. Qxd3 Ng4 11. Qf3 Nxh2 12. Qh5 Nxf1 13. Ne4 Be7 14. dxc6
Nxc6 15. Kg1 Qd1 16. Nf2 Ng3+ 17. Nxd1 Nxh5 18. Nf2 Bc5 19. c3 Bxf2+ 20. Kxf2
Be6 21. Bd3 Rfd8 22. Be4 Nf6 23. Bc2 Rac8 24. Ng3 Ng4+ 25. Kf3 Nd4+ 0-1

[Event "Offene Hessische Senioren Einzelmeisters"]
[Site "Bad Sooden- Allendorf"]
[Date "2013.04.27"]
[Round "8.93"]
[White "Krüger, Bernhard"]
[Black "Lübbers, Dr. Doris"]
[Result "1/2-1/2"]
[WhiteElo "1537"]
[BlackElo "1335"]
[PlyCount "25"]
[EventDate "2013.??.??"]
[WhiteTeam "SC Grunbach"]
[BlackTeam "Sfr. Taunus Königstein/Schwalbac"]

1. d4 d5 2. Nf3 Nf6 3. e3 e6 4. Bd3 Be7 5. O-O O-O 6. Nbd2 b6 7. b3 Bb7 8. Bb2
c5 9. Qe2 Nbd7 10. e4 dxe4 11. Nxe4 Nxe4 12. Bxe4 Bxe4 13. Qxe4 1/2-1/2

[Event "Offene Hessische Senioren Einzelmeisters"]
[Site "Bad Sooden- Allendorf"]
[Date "2013.04.27"]
[Round "8.94"]
[White "Ludwig, Siegfried"]
[Black "Richter, Stefan"]
[Result "0-1"]
[WhiteElo "1348"]
[BlackElo "1556"]
[PlyCount "72"]
[EventDate "2013.??.??"]
[WhiteTeam "GSV Hemmingen"]
[BlackTeam "SV Empor West Zwickau"]

1. e4 b6 2. Bc4 Bb7 3. d3 e6 4. Nc3 a6 5. a3 Nc6 6. Nf3 Be7 7. O-O h6 8. Bd2
Bf6 9. Re1 Ne5 10. Ba2 Ne7 11. Nxe5 Bxe5 12. f4 Bd4+ 13. Be3 Bxc3 14. bxc3 O-O
15. Qg4 Kh7 16. f5 Ng8 17. Bd4 Nf6 18. Qg3 c5 19. Be5 Ne8 20. Rf1 d6 21. fxe6
dxe5 22. Rxf7 Rxf7 23. exf7 Nf6 24. Qxe5 Nd7 25. Qf5+ g6 26. Qf2 Nf8 27. Rf1
Kg7 28. e5 Qe7 29. e6 Bc8 30. Qe3 Bxe6 31. Qe5+ Kh7 32. Rf6 Rd8 33. Bxe6 Qd6
34. Qe4 Kg7 35. Qf3 Nxe6 36. Rxe6 Qxe6 0-1

[Event "Offene Hessische Senioren Einzelmeisters"]
[Site "Bad Sooden- Allendorf"]
[Date "2013.04.27"]
[Round "8.95"]
[White "Fister, Horst-Lothar"]
[Black "Hegner, Peter"]
[Result "1/2-1/2"]
[WhiteElo "1301"]
[BlackElo "1521"]
[PlyCount "62"]
[EventDate "2013.??.??"]
[WhiteTeam "SK Werther 1949 e.V."]
[BlackTeam "SC Bad Soden"]

1. Nf3 Nc6 2. d4 d5 3. e3 Nf6 4. h3 e6 5. Bb5 Bd7 6. a3 Bd6 7. c4 dxc4 8. Bxc4
O-O 9. O-O Na5 10. Bd3 b6 11. Bd2 Nc6 12. Nc3 Ne7 13. e4 c5 14. e5 cxd4 15. Ne2
Bxe5 16. Nxe5 Nc6 17. Nxd7 Qxd7 18. Rc1 Ne5 19. Bb4 Rfd8 20. Ng3 a5 21. Be1
Nxd3 22. Qxd3 e5 23. Bd2 h6 24. Rfe1 Re8 25. Re2 Qd5 26. Rce1 Nd7 27. Qe4 Qb5
28. Bc1 Nc5 29. Qg4 Re6 30. Rxe5 Rg6 31. Qf3 Rd8 1/2-1/2

[Event "Offene Hessische Senioren Einzelmeisters"]
[Site "Bad Sooden- Allendorf"]
[Date "2013.04.27"]
[Round "8.96"]
[White "Hopp, Dr. Barbara"]
[Black "Winkler, Werner"]
[Result "1-0"]
[WhiteElo "1464"]
[BlackElo "1351"]
[PlyCount "85"]
[EventDate "2013.??.??"]
[WhiteTeam "SV Oberursel"]
[BlackTeam "SK Bad Sooden-Allendorf"]

1. d4 d5 2. e4 e6 3. Nc3 a6 4. Bd3 h6 5. Nf3 Nc6 6. O-O Be7 7. e5 Bb4 8. a3
Bxc3 9. bxc3 Nge7 10. Bb2 O-O 11. c4 f6 12. exf6 Rxf6 13. Ne5 Nxe5 14. dxe5 Rf8
15. Qg4 c6 16. Bc1 Nf5 17. Bxh6 Nxh6 18. Qg6 Rf7 19. Qh7+ Kf8 20. Bg6 Rf4 21.
Qh8+ Ng8 22. Bh7 Kf7 23. g3 Rxc4 24. Rab1 b5 25. Rb3 Rg4 26. Rf3+ Ke7 27. Bxg8
Qe8 28. h3 Rg5 29. Qh4 Qg6 30. Bf7 Qh6 31. Qb4+ Kd8 32. Qd6+ Bd7 33. Qf8+ Kc7
34. Qxa8 Kb6 35. Qd8+ Kc5 36. Qxd7 Rxe5 37. Rc3+ Kd4 38. Qxc6 Rf5 39. Rd3+ Ke5
40. Re1+ Kf6 41. Qxe6+ Kg5 42. h4+ Kg4 43. Rd4+ 1-0

[Event "Offene Hessische Senioren Einzelmeisters"]
[Site "Bad Sooden- Allendorf"]
[Date "2013.04.27"]
[Round "8.97"]
[White "Freerksen, Uwe"]
[Black "Knaak, Hans"]
[Result "0-1"]
[WhiteElo "1259"]
[BlackElo "1463"]
[PlyCount "56"]
[EventDate "2013.??.??"]
[WhiteTeam "SK Königsspringer Emden"]
[BlackTeam "Forster SC 95"]

1. e4 c5 2. Nf3 d6 3. Bc4 e6 4. d3 Nc6 5. Nc3 Nf6 6. a3 a6 7. O-O Be7 8. Bd2
O-O 9. Re1 Qc7 10. b4 cxb4 11. axb4 Nxb4 12. Ne2 d5 13. exd5 exd5 14. Bb3 Be6
15. Ned4 Bg4 16. h3 Bxf3 17. Nxf3 Rac8 18. Rc1 Nc6 19. Bc3 Bc5 20. Bxf6 gxf6
21. Bxd5 Ne5 22. c4 Kh8 23. Rc2 Rg8 24. Nxe5 fxe5 25. Qf3 Rg7 26. Bxb7 Rcg8 27.
g3 Rxg3+ 28. Qg2 Qxb7 0-1

[Event "Offene Hessische Senioren Einzelmeisters"]
[Site "Bad Sooden- Allendorf"]
[Date "2013.04.27"]
[Round "8.98"]
[White "Geibel, Henning"]
[Black "Stratmann, Alois"]
[Result "0-1"]
[WhiteElo "1237"]
[BlackElo "1366"]
[Annotator ",Microsoft"]
[PlyCount "138"]
[EventDate "2013.??.??"]
[WhiteTeam "SV Bargteheide"]
[BlackTeam "SV Ahlen 1954 e.V."]

1. e4 e6 2. Nf3 Nf6 3. d3 d5 4. e5 Nfd7 5. d4 c5 6. c3 Qb6 7. Be2 Nc6 8. O-O
cxd4 9. cxd4 Ne7 10. Nc3 Nf5 11. Nb5 a6 12. Nc3 Be7 13. a3 O-O 14. b4 Nb8 15.
Na4 Qc7 16. Bg5 Nc6 17. Bxe7 Nfxe7 18. Qd3 Bd7 19. Ng5 Ng6 20. Bh5 Rae8 21.
Bxg6 fxg6 22. Nc5 Rf5 23. f4 Bc8 24. Qh3 h6 25. Nf3 Nd8 26. Qg4 Qf7 27. Nh4 h5
28. Qxg6 Qxg6 29. Nxg6 Kh7 30. Nh4 Rf7 31. g3 Ref8 32. Nf3 Kg8 33. Rac1 Bd7 34.
Nxd7 Rxd7 35. a4 Nf7 36. b5 axb5 37. axb5 g6 38. b6 Rfd8 39. h4 Kf8 40. Rc5 Ke8
41. Rfc1 Ke7 42. Rc7 Rxc7 43. Rxc7+ Rd7 44. Rc8 Rd8 45. Rc7+ Rd7 46. Rc5 Rd8
47. Kh2 Rd7 $11 48. Kh3 Nh6 49. Ng5 Nf5 50. Nf3 Ne3 51. Ng5 Nf5 52. g4 Nxd4 53.
gxh5 gxh5 54. Nh7 Nc6 55. Nf6 Rd8 56. Nxh5 d4 57. Rc1 Rd5 58. Nf6 Rb5 59. h5
Kf7 60. Ne4 Rxb6 61. Nd6+ Kg7 62. Nxb7 Nxe5 63. Rc7+ Nf7 64. Nd8 Rb3+ 65. Kg4
d3 66. Rd7 d2 67. Rxd2 Nh6+ 68. Kh4 Nf5+ 69. Kg4 Rg3# 0-1

[Event "Offene Hessische Senioren Einzelmeisters"]
[Site "Bad Sooden- Allendorf"]
[Date "2013.04.27"]
[Round "8.99"]
[White "Girod, Gudrun"]
[Black "Grüneschild, Hildegard"]
[Result "1/2-1/2"]
[WhiteElo "1349"]
[BlackElo "1274"]
[PlyCount "70"]
[EventDate "2013.??.??"]
[WhiteTeam "Hannover 96 Schach"]
[BlackTeam "Schach-Union München e.V."]

1. d4 Nf6 2. c4 g6 3. e3 Bg7 4. Nf3 d6 5. Be2 O-O 6. O-O Nbd7 7. Nbd2 c5 8. b3
cxd4 9. exd4 b6 10. Bb2 Bb7 11. Rb1 Rc8 12. d5 Nc5 13. Bxf6 Bxf6 14. b4 Nd7 15.
Ne4 Ne5 16. Nxe5 dxe5 17. Nd2 Bg7 18. Bf3 f5 19. Be2 Qd6 20. f3 e6 21. dxe6
Qxe6 22. c5 bxc5 23. bxc5 Bd5 24. Rc1 Kh8 25. Nb3 Bh6 26. Rc3 Rfd8 27. Qc2 Bg7
28. Qb1 e4 29. Rcc1 exf3 30. Bxf3 Qe3+ 31. Kh1 Bxf3 32. gxf3 Qf4 33. Qc2 h5 34.
Rfd1 Rxd1+ 35. Qxd1 Kh7 1/2-1/2

[Event "Offene Hessische Senioren Einzelmeisters"]
[Site "Bad Sooden- Allendorf"]
[Date "2013.04.27"]
[Round "8.100"]
[White "Rollwitz, Inge"]
[Black "Kynast, Reinhard"]
[Result "0-1"]
[WhiteElo "1231"]
[BlackElo "1574"]
[PlyCount "79"]
[EventDate "2013.??.??"]
[WhiteTeam "SG Wedding e.V."]
[BlackTeam "Herforder SV Königsspr"]

1. d4 Nf6 2. g3 e6 3. a3 d5 4. Bg2 c5 5. c3 Nc6 6. Nf3 Bd6 7. Bg5 O-O 8. O-O h6
9. Bxf6 Qxf6 10. e3 b6 11. b3 Bb7 12. Nbd2 Rfc8 13. Rc1 cxd4 14. b4 dxe3 15.
fxe3 Qe7 16. Nd4 a6 17. N2f3 Ne5 18. Qd2 Nc4 19. Qf2 Nxa3 20. Nc2 Rxc3 21. Rfe1
Re8 22. Nfd4 Bxb4 23. Red1 Nxc2 24. Rxc2 Rxc2 25. Nxc2 Bc5 26. Rf1 e5 27. Bh3
Rd8 28. Re1 d4 29. exd4 Bxd4 30. Nxd4 Qc5 31. Bg2 Bxg2 32. Kxg2 Qxd4 33. Qe2
Qd2 34. Kf1 Qxe2+ 35. Rxe2 f6 36. Rc2 Rd6 37. Ke2 Kf7 38. Rc4 Kg6 39. Ke3 f5
40. Rc7 0-1

[Event "Offene Hessische Senioren Einzelmeisters"]
[Site "Bad Sooden- Allendorf"]
[Date "2013.04.27"]
[Round "8.101"]
[White "Jobski, Werner"]
[Black "Bartl, Birgit"]
[Result "1/2-1/2"]
[WhiteElo "1416"]
[BlackElo "1153"]
[PlyCount "43"]
[EventDate "2013.??.??"]
[WhiteTeam "SF Schwerte 1951"]
[BlackTeam "USV Erfurt Abteilung Schach"]

1. e4 c5 2. Nf3 Nc6 3. c3 e5 4. Bb5 Nge7 5. O-O a6 6. Ba4 d6 7. h3 b5 8. Bc2
Ng6 9. d3 Be7 10. Be3 O-O 11. d4 exd4 12. cxd4 Bf6 13. Nc3 Nce7 14. dxc5 Bxc3
15. bxc3 d5 16. exd5 Nxd5 17. Bd4 Ngf4 18. Kh2 Re8 19. Re1 Be6 20. Be5 Qc8 21.
Ng5 g6 22. Ne4 1/2-1/2

[Event "Offene Hessische Senioren Einzelmeisters"]
[Site "Bad Sooden- Allendorf"]
[Date "2013.04.27"]
[Round "8.102"]
[White "Semisch, Helga"]
[Black "Stuiber, Ingeborg"]
[Result "1-0"]
[WhiteElo "1256"]
[BlackElo "977"]
[PlyCount "87"]
[EventDate "2013.??.??"]
[WhiteTeam "SV Schmalkalden 04"]
[BlackTeam "SK Turm Euskirchen 65"]

1. d4 d5 2. e3 e6 3. Bd3 f5 4. Ne2 Nf6 5. Nd2 Bd6 6. a3 O-O 7. O-O c6 8. c4 Ne4
9. Nf3 Qe7 10. Qc2 Nd7 11. b4 e5 12. cxd5 cxd5 13. Qb3 Ndf6 14. Bb2 Bd7 15.
dxe5 Nd2 16. Nxd2 Bxe5 17. Bxe5 Qxe5 18. Nf3 Qd6 19. Nfd4 a6 20. Bxf5 Bxf5 21.
Nxf5 Qd7 22. Nfg3 Kh8 23. Rad1 Rad8 24. e4 Qf7 25. e5 Nh5 26. f3 g6 27. Nxh5
gxh5 28. Qc3 Rc8 29. Qd4 Qe6 30. Nf4 Qf7 31. Nh3 h6 32. Qxd5 Qxd5 33. Rxd5 Kg7
34. e6 Kg6 35. f4 Rf5 36. Rd7 b5 37. e7 Rf7 38. Re1 Kf6 39. Rd6+ Kg7 40. e8=Q
Rxe8 41. Rxe8 Rf6 42. Rxf6 Kxf6 43. g3 Kf7 44. Ra8 1-0

[Event "Offene Hessische Senioren Einzelmeisters"]
[Site "Bad Sooden- Allendorf"]
[Date "2013.04.27"]
[Round "8.103"]
[White "Nols, Uwe"]
[Black "Neumann, Dr. Peter"]
[Result "1/2-1/2"]
[WhiteElo "1171"]
[BlackElo "1478"]
[PlyCount "54"]
[EventDate "2013.??.??"]
[WhiteTeam "Itzehoer SV von 1923"]
[BlackTeam "SF Ostsee Warnemünde"]

1. e4 c5 2. Nf3 Nc6 3. Bc4 e6 4. d3 d6 5. c3 Nf6 6. Nbd2 Be7 7. a3 O-O 8. b4
cxb4 9. axb4 a6 10. d4 d5 11. exd5 Nxd5 12. Qc2 Nf6 13. Bd3 h6 14. Ne4 Nxe4 15.
Bxe4 f5 16. Bd3 Qe8 17. Be3 Bd7 18. Qd2 Qg6 19. h4 Qxg2 20. Ke2 Qg6 21. Rag1
Qh7 22. Bxh6 Bf6 23. Bg5 Rae8 24. h5 Re7 25. Bxf6 Rxf6 26. Ng5 Qh6 27. Bc4 Kf8
1/2-1/2

[Event "Offene Hessische Senioren Einzelmeisters"]
[Site "Bad Sooden- Allendorf"]
[Date "2013.04.27"]
[Round "8.104"]
[White "Wiebke, Elfriede"]
[Black "Wernitz, Armin"]
[Result "0-1"]
[WhiteElo "1031"]
[BlackElo "1235"]
[PlyCount "74"]
[EventDate "2013.??.??"]
[WhiteTeam "Verein Segeberger SF"]
[BlackTeam "PostSV Brandenburg e.V."]

1. e4 d6 2. c3 g6 3. d4 Bg7 4. Nf3 Nf6 5. h3 Nxe4 6. Qc2 Nf6 7. Bc4 O-O 8. O-O
d5 9. Bd3 Nbd7 10. c4 dxc4 11. Bxc4 Nb6 12. Nbd2 Nxc4 13. Nxc4 Bf5 14. Qd1 h6
15. Ne3 Bc8 16. Qb3 b6 17. Rd1 Bb7 18. Ne5 e6 19. N5g4 Nd5 20. Ne5 Qd6 21. N3g4
g5 22. Qd3 f5 23. Nc4 Qe7 24. Nge5 Rf6 25. a3 Rd8 26. Rf1 f4 27. Ng4 Rf5 28.
Nge5 Bxe5 29. Nxe5 Kg7 30. g4 Rf6 31. Kh2 c5 32. dxc5 Ne3 33. Bxe3 Rxd3 34. c6
fxe3 35. cxb7 Qd6 36. fxe3 Qxe5+ 37. Kg2 Rd2+ 0-1

[Event "Offene Hessische Senioren Einzelmeisters"]
[Site "Bad Sooden- Allendorf"]
[Date "2013.04.28"]
[Round "9.2"]
[White "Ackermann, Hans Werner"]
[Black "Baum, Bernd"]
[Result "1-0"]
[WhiteElo "2175"]
[BlackElo "2232"]
[Annotator ",Microsoft"]
[PlyCount "133"]
[EventDate "2013.??.??"]
[WhiteTeam "SC Hansa Dortmund e.V."]
[BlackTeam "SV Empor Erfurt"]

1. b3 c5 2. Bb2 e6 3. e3 Nf6 4. f4 $11 b6 5. Nf3 Bb7 6. Be2 Be7 7. O-O O-O 8.
c4 Qc7 9. Na3 d6 10. Rc1 a6 11. Qe1 Nbd7 12. Qg3 Rfe8 13. Bd3 Bf8 14. Qh4 Qd8
15. Bb1 Ne4 16. Qh3 f5 17. Rcd1 Nef6 18. Rfe1 Qe7 19. d3 Qf7 20. Nc2 Qg6 21. d4
Ng4 22. Re2 Ndf6 23. Nce1 Ne4 24. Nd2 Nef6 25. Nef3 Rad8 26. Rde1 d5 27. cxd5
Nxd5 28. Qg3 Ndf6 29. Ne5 Nxe5 30. dxe5 Qxg3 31. hxg3 Ne4 32. Nxe4 Bxe4 33.
Bxe4 fxe4 34. Rc2 b5 35. Ba3 Rd5 36. Rec1 Rc8 37. Kf2 Kf7 38. g4 h6 39. Ke2 Ke8
40. Bb4 Kd7 41. Ba5 Kc6 42. Bc3 Be7 43. Bd4 b4 44. Rc4 Kb5 45. Bb2 Rcd8 46.
R1c2 a5 47. Rxe4 a4 48. bxa4+ Kxa4 49. Rec4 Kb5 50. Bc1 Rd1 51. e4 R1d4 52.
Rxd4 Rxd4 53. Be3 Rd7 54. f5 c4 55. fxe6 Rd8 56. Rc1 c3 57. Rf1 Rf8 58. Rd1 Rd8
59. Rd5+ Kc4 60. Rd7 Ra8 61. Rc7+ Kb5 62. Rxe7 Rxa2+ 63. Kf3 b3 64. Re8 b2 65.
e7 Kc4 66. Rb8 c2 67. Rxb2 1-0

[Event "Offene Hessische Senioren Einzelmeisters"]
[Site "Bad Sooden- Allendorf"]
[Date "2013.04.28"]
[Round "9.3"]
[White "Weidlich, Günter"]
[Black "Ljubarskij, Juri"]
[Result "1-0"]
[WhiteElo "2116"]
[BlackElo "2174"]
[Annotator ",Microsoft"]
[PlyCount "112"]
[EventDate "2013.??.??"]
[WhiteTeam "SV Dresden-Leuben"]
[BlackTeam "Hannover 96 Schach"]

1. d4 Nf6 2. Nf3 e6 3. c4 d5 4. g3 c6 5. Bg2 Nbd7 6. Nbd2 Bd6 7. Qc2 O-O 8. O-O
Re8 9. b3 $11 Qe7 10. Bb2 e5 11. dxe5 Nxe5 12. Rfe1 Bg4 13. c5 Bc7 14. Nd4 Ba5
15. Rec1 Ned7 16. N2f3 Ne4 17. Ba3 Ndf6 18. b4 Nxf2 19. Qb3 Qe3 20. Qxe3 Rxe3
21. Kxf2 Rxa3 22. bxa5 Rxa5 23. Nd2 Re8 24. a4 Bd7 25. h3 b6 26. cxb6 axb6 27.
Nxc6 Rc5 28. Nb4 Rec8 29. Rxc5 Rxc5 30. Nd3 Ra5 31. Nb2 Kf8 32. Ke3 Ke7 33. g4
h5 34. g5 d4+ 35. Kxd4 Rxg5 36. Bf1 Rd5+ 37. Kc3 Rc5+ 38. Nbc4 Kd8 39. e4 Kc7
40. Kd4 Rg5 41. Ne5 Be8 42. h4 Rg1 43. Ra3 Rh1 44. Nef3 Bd7 45. Bb5 Bg4 46.
Rc3+ Kb7 47. Ng5 Rd1 48. Rc2 g6 49. Ke5 Nd7+ 50. Kd6 Nc5 51. Ke7 Ra1 52. Nxf7
Bd1 53. Rc4 Bxa4 54. Bxa4 Nxa4 55. Nd6+ Ka6 56. e5 Rd1 1-0

[Event "Offene Hessische Senioren Einzelmeisters"]
[Site "Bad Sooden- Allendorf"]
[Date "2013.04.28"]
[Round "9.4"]
[White "Schumacher, Gottfried"]
[Black "Happel, Henk"]
[Result "1/2-1/2"]
[WhiteElo "2100"]
[BlackElo "2146"]
[PlyCount "67"]
[EventDate "2013.??.??"]
[WhiteTeam "HTC Bad Neuenahr"]
[BlackTeam "Discendo Discimus"]

1. d4 Nf6 2. c4 e6 3. Nf3 b6 4. Bg5 Bb7 5. e3 Be7 6. Nc3 d5 7. Rc1 Nbd7 8. cxd5
exd5 9. Qa4 O-O 10. Be2 c5 11. O-O a6 12. dxc5 Nxc5 13. Qd1 Nce4 14. Bh4 Nxc3
15. bxc3 Rc8 16. Qb3 b5 17. a4 Ne4 18. Bxe7 Qxe7 19. axb5 axb5 20. Bxb5 Rc5 21.
Qb4 Qc7 22. c4 Rc8 23. Rb1 Nd6 24. Rfd1 dxc4 25. Nd4 Be4 26. Ba6 Ra8 27. Ra1 c3
28. Nb5 Nxb5 29. Qxe4 Rb8 30. Bxb5 Rcxb5 31. Rdc1 g6 32. g3 Rb2 33. Ra8 Rc8 34.
Rxc8+ 1/2-1/2

[Event "Offene Hessische Senioren Einzelmeisters"]
[Site "Bad Sooden- Allendorf"]
[Date "2013.04.28"]
[Round "9.5"]
[White "Van Oosten, Arend"]
[Black "Haubt, Georg"]
[Result "0-1"]
[WhiteElo "2136"]
[BlackElo "2115"]
[PlyCount "86"]
[EventDate "2013.??.??"]
[WhiteTeam "Utrecht"]
[BlackTeam "SV Oberursel"]

1. e4 d5 2. exd5 Qxd5 3. d4 Nc6 4. Nf3 Bg4 5. Be2 e6 6. O-O Nf6 7. c4 Qd6 8.
Be3 O-O-O 9. Nc3 Bxf3 10. Nb5 Qb4 11. Bxf3 Ne5 12. b3 Nxf3+ 13. Qxf3 a6 14. a3
Qe7 15. Nc3 Rg8 16. b4 g5 17. Qd1 e5 18. d5 Qd7 19. Qb3 Ng4 20. c5 Rg6 21. Qc4
Kb8 22. Rad1 f5 23. c6 Qf7 24. cxb7 Nxh2 25. Kxh2 f4 26. g4 h5 27. Ne4 fxe3 28.
fxe3 Qg7 29. gxh5 Rh6 30. Kg2 Qd7 31. Ng3 Kxb7 32. e4 Qg4 33. Rc1 Qd7 34. Rf5
Be7 35. Rcf1 c6 36. Rf7 cxd5 37. Qxd5+ Kb6 38. Qa5+ Ka7 39. Nf5 Re6 40. Nxe7
Rxe7 41. Qc5+ Ka8 42. Rxe7 Qg4+ 43. Kh1 Qxh5+ 0-1

[Event "Offene Hessische Senioren Einzelmeisters"]
[Site "Bad Sooden- Allendorf"]
[Date "2013.04.28"]
[Round "9.6"]
[White "Hassenrück, Helmut"]
[Black "Hottes, Dieter"]
[Result "1-0"]
[WhiteElo "2084"]
[BlackElo "2118"]
[PlyCount "89"]
[EventDate "2013.??.??"]
[WhiteTeam "SG-Gladbeck 19/2"]
[BlackTeam "Stuttgarter SF 1879"]

1. d4 Nf6 2. Nf3 g6 3. c4 Bg7 4. Nc3 O-O 5. e4 d6 6. Be2 Bg4 7. Be3 Nfd7 8. d5
Na6 9. Nd4 Bxe2 10. Qxe2 Re8 11. h4 Nf6 12. g4 Nc5 13. f3 h5 14. O-O-O Qd7 15.
Rdg1 Na4 16. Nxa4 Qxa4 17. Kb1 c5 18. Nb5 Qa5 19. Bd2 Qb6 20. Qe1 Qd8 21. gxh5
Nxh5 22. Bc3 a6 23. Bxg7 axb5 24. Bh6 bxc4 25. Bd2 b5 26. Rg5 b4 27. Rxh5 Rxa2
28. Bc3 bxc3 29. Qxc3 f6 30. Kxa2 gxh5 31. Rg1+ Kf7 32. e5 dxe5 33. Qc2 Qxd5
34. Qg6+ Ke6 35. Qxe8 c3+ 36. Ka3 cxb2 37. Qg8+ Kd6 38. Qxd5+ Kxd5 39. Kxb2 Ke6
40. Rg7 Kf5 41. Rxe7 Kf4 42. Rh7 Kxf3 43. Rxh5 Kg4 44. Rh8 f5 45. h5 1-0

[Event "Offene Hessische Senioren Einzelmeisters"]
[Site "Bad Sooden- Allendorf"]
[Date "2013.04.28"]
[Round "9.7"]
[White "Szenetra, Werner"]
[Black "Weyrauch, Erich"]
[Result "1/2-1/2"]
[WhiteElo "2022"]
[BlackElo "2026"]
[PlyCount "97"]
[EventDate "2013.??.??"]
[WhiteTeam "SV Berenbostel"]
[BlackTeam "SV Letmathe 1933 e.V."]

1. e4 c5 2. Nf3 d6 3. g3 Nf6 4. d3 Nc6 5. Bg2 g6 6. O-O Bg7 7. Nbd2 O-O 8. c3
Bd7 9. h3 Rc8 10. a4 b6 11. Nc4 Qc7 12. Nh4 a6 13. f4 e6 14. Qe2 b5 15. axb5
axb5 16. Nxd6 Qxd6 17. e5 Qc7 18. exf6 Bxf6 19. Nf3 Na5 20. Ne5 Nb3 21. Ra6
Nxc1 22. Rxc1 Rfd8 23. Rca1 Be8 24. Ra7 Qb8 25. R1a6 Rd6 26. Ra1 Rcd8 27. Rb7
Qc8 28. Raa7 Bxe5 29. Qxe5 Rxd3 30. Rc7 Qb8 31. Qxc5 Rd1+ 32. Kh2 R1d2 33. h4
b4 34. h5 bxc3 35. b4 c2 36. Kh3 c1=Q 37. Qxc1 Qxb4 38. Bc6 Bxc6 39. Qxc6 Qb1
40. Rxf7 Qf1+ 41. Kg4 Qe2+ 42. Qf3 gxh5+ 43. Kg5 R8d5+ 44. Kh6 Qxf3 45. Rg7+
Kf8 46. Rgf7+ Kg8 47. Rg7+ Kf8 48. Rgf7+ Ke8 49. Rfe7+ 1/2-1/2

[Event "Offene Hessische Senioren Einzelmeisters"]
[Site "Bad Sooden- Allendorf"]
[Date "2013.04.28"]
[Round "9.8"]
[White "Ghijsen, Pim"]
[Black "Haase, Wolfgang"]
[Result "1/2-1/2"]
[WhiteElo "2161"]
[BlackElo "1991"]
[PlyCount "50"]
[EventDate "2013.??.??"]
[WhiteTeam "VAS Amsterdam"]
[BlackTeam "SV CAISSA e. V. Kassel"]

1. d4 d5 2. Nf3 e6 3. Bf4 c5 4. c3 Nc6 5. e3 Nf6 6. Nbd2 Bd6 7. Ne5 O-O 8. Bg3
cxd4 9. exd4 g6 10. f4 Nh5 11. Be2 Ng7 12. O-O Nf5 13. Bf2 f6 14. Nd3 e5 15.
fxe5 fxe5 16. dxe5 Nxe5 17. Nxe5 Bxe5 18. Nf3 Bf6 19. Qb3 Be6 20. Rad1 Qe7 21.
Nd4 Nxd4 22. Bxd4 Bxd4+ 23. cxd4 Rxf1+ 24. Rxf1 Rf8 25. Rxf8+ Kxf8 1/2-1/2

[Event "Offene Hessische Senioren Einzelmeisters"]
[Site "Bad Sooden- Allendorf"]
[Date "2013.04.28"]
[Round "9.9"]
[White "Liebert, Heinz"]
[Black "Heinzel, Peter"]
[Result "1-0"]
[WhiteElo "2098"]
[BlackElo "1970"]
[PlyCount "39"]
[EventDate "2013.??.??"]
[WhiteTeam "USV Volksbank Halle"]
[BlackTeam "SC Mülheim 08/25 e.V."]

1. c4 c5 2. Nf3 Nf6 3. Nc3 d6 4. d4 cxd4 5. Nxd4 g6 6. e4 Bg7 7. Be2 O-O 8. O-O
Qb6 9. Nb3 Nc6 10. Be3 Qd8 11. f3 h6 12. Qc1 Kh7 13. Rd1 Bd7 14. c5 dxc5 15.
Nxc5 Qc8 16. Qc2 b6 17. Nxd7 Nxd7 18. Rac1 Nf6 19. Qa4 Nb8 20. Nd5 1-0

[Event "Offene Hessische Senioren Einzelmeisters"]
[Site "Bad Sooden- Allendorf"]
[Date "2013.04.28"]
[Round "9.10"]
[White "Oud, Niek"]
[Black "Knaak, Joachim"]
[Result "1/2-1/2"]
[WhiteElo "1992"]
[BlackElo "2085"]
[PlyCount "94"]
[EventDate "2013.??.??"]
[WhiteTeam "VAS"]
[BlackTeam "SV Dresden-Leuben"]

1. d4 Nf6 2. c4 g6 3. Nc3 Bg7 4. e4 d6 5. Nf3 O-O 6. Be2 e5 7. O-O Nc6 8. d5
Ne7 9. Be3 Ne8 10. Bg5 f6 11. Bd2 f5 12. Ng5 Nf6 13. Ne6 Bxe6 14. dxe6 Nxe4 15.
Nxe4 fxe4 16. Bg5 Bf6 17. Bh6 Re8 18. Bg4 Nf5 19. Bxf5 gxf5 20. Qh5 f4 21. Rae1
Kh8 22. Rxe4 Rg8 23. g3 Qe8 24. Qh3 Qg6 25. Rfe1 Qg4 26. Qxg4 Rxg4 27. Kh1 Rg6
28. Bxf4 exf4 29. Rxf4 Re8 30. Re2 c6 31. h4 Bg7 32. e7 Kg8 33. Kg2 Bf6 34. h5
Rh6 35. g4 Bg5 36. Rf5 Bxe7 37. f4 Kg7 38. Kf3 Rf6 39. Ra5 a6 40. g5 Re6 41.
Rf5 Bf6 42. Rxf6 Rxf6 43. Rxe8 Kf7 44. gxf6 Kxe8 45. Ke4 Kf7 46. a4 a5 47. b3
Kxf6 1/2-1/2